Perdido en la selva / (Registro nro. 11784)

Detalles MARC
000 -LIDER
fixed length control field 00888nam a22003017a 4500
001 - NÚMERO DE CONTROL
Identificador de número de control 000641
003 - IDENTIFICACDOR DE NÚMERO DE CONTROL
control field DO-SdBNP
005 - DATE AND TIME OF LATEST TRANSACTION
control field 20180208094524.0
007 - CAMPOS FIJOS DE DESCRIPCIÓN FÍSICA
fixed length control field 000641
008 - ELEMENTOS DE LONGITUD FIJA
fixed length control field 161104b 2007 ag a ||||| |||| 00| 0 spa d
020 ## - ISBN
International Standard Book Number 9870403166
040 ## - FUENTE DE CATALOGACIÓN
Agencia que crea de manera original el registro BPMSU
Idioma de catalogación spa
Agencia que realiza la transcripción BPMSU
082 ## - NÚMERO DE CLASIFICACIÓN DECIMAL DE DEWEY
Classification number xxxx
Item number xxxx
100 1# - ASIENTO PRINCIPAL -- NOMBRE PERSONAL
Nombre personal Mariño, Ricardo
245 10 - MENCIÓN DE TITULO
Título Perdido en la selva /
Mención de responsabilidad Ricardo Mariño ; ilustraciones Marcelo Elizalde.
250 ## - MENCIÓN DE EDICION
Mención de edición 1ª reimp.
260 ## - PUBLICACIÓN, DISTRIBUCIÓN, ETC. (PIE DE IMPRENTA)
Lugar de publicación, distribución, etc Buenos Aires :
Nombre del editor, distribuidor, etc. Alfaguara,
Fecha de publicación, distribución, etc 2007.
300 ## - DESCRIPCIÓN FÍSICA
Extensión 68 p. :
Otros detalles físicos il. ;
Dimensiones 20 cm.
490 1# - MENCIÓN DE SERIES
Mención de serie Alfaguara infantil.
500 ## - NOTA GENERAL
Nota general Desde 10 años
500 ## - NOTA GENERAL
Nota general Incluye datos del autor.
500 ## - NOTA GENERAL
Nota general Primera reimpresión: enero 2007
700 12 - ASIENTO SECUNDARIO -- NOMBRE PERSONAL
Nombre personal Elizalde, Marcelo,
Mención de responsabilidad il.
830 #0 - ASIENTO SECUNDARIO DE SERIE--TÍTULO UNIFORME
Título uniforme Alfaguara infantil.
942 ## - ADDED ENTRY ELEMENTS (KOHA)
Source of classification or shelving scheme Dewey Decimal Classification
Koha item type Libros
945 ## - INFORMACIÓN DE PROCESAMIENTO LOCAL
Información de procesamiento local inventariado, 2018 / dg
956 ## - LOCAL ELECTRONIC LOCATION AND ACCESS (OCLC)
Método de acceso LOPEREZ
Materiales especificados 10
Enlace 20161104
Campo enlazado y núm. de secuencia BPMSU
Nombre de host 00041
Existencias
Withdrawn status Lost status Source of classification or shelving scheme Damaged status Not for loan Collection code Home library Current library Date acquired Source of acquisition Total Checkouts Full call number Barcode Date last seen Price effective from Koha item type Copy number
    Dewey Decimal Classification     Colección Infantil General Biblioteca Pública Metropolitana Salomé Ureña Biblioteca Pública Metropolitana Salomé Ureña 11/04/2016 Alfaguara   xxxx xxxx BPMSU16110069 11/04/2016 11/04/2016 Libros  
    Dewey Decimal Classification     Colección Infantil General Biblioteca Pública Metropolitana Salomé Ureña Biblioteca Pública Metropolitana Salomé Ureña 11/04/2016 Alfaguara   xxxx xxxx BPMSU16110070 11/04/2016 11/04/2016 Libros ej. 2